000 00245nmm a2200097Ia 4500
008 220120s9999||||xx |||||||||||||||||und||
082 _a621.395 MAR
100 _aMarcovitz, Alan B
_93306
245 0 _aIntrouduction to logic design
260 _c2002
999 _c139053
_d139053